Ballon d'or 2005 - Statistiques

Statistiques générales
  • Ce quiz a été pris 187 fois
  • Le résultat moyen est 14 sur 24
Statistiques - réponses
Rang Joueurs Nationalité Points % Correct
1 Ronaldinho Brésil 225
97%
20 Cristiano Ronaldo Portugal 3
95%
4 Thierry Henry France 41
89%
18 Zinédine Zidane France 5
89%
10 Samuel Eto'o Cameroun 18
87%
8 Zlatan Ibrahimović Suède 21
83%
Didier Drogba Côte d'Ivoire 7
82%
5 Andriy Chevtchenko Ukraine 33
81%
3 Steven Gerrard Angleterre 142
79%
2 Frank Lampard Angleterre 148
78%
Pavel Nedvěd République Tchèque 1
74%
9 Kaká Brésil 19
70%
29 Gianluigi Buffon Italie 4
64%
6 Paolo Maldini Italie 23
64%
22 Michael Essien Ghana 2
52%
Petr Cech République Tchèque 7
41%
14 Michael Ballack Allemagne 7
38%
John Terry Angleterre 18
36%
7 Adriano Brésil 22
30%
13 Claude Makélélé France 8
30%
Juan Román Riquelme Argentine 7
21%
12 Juninho Brésil 15
21%
Jamie Carragher Angleterre 3
6%
23 Luis Garcia Portugal 1
1%
Aucun quiz correspondant
Distribution des résultats
% des personnes avec chaque résultat
Percentile par nombre de réponses
Votre historique - résultats
Vous n’avez pas pris ce quiz